00640nam a22001577a 4500003000400000005001700004040000600021082002200027100001600049245007500065260005400140300001000194650011100204650010300315650006400418OSt20170105102935.0 a0 a327.174bALI 1984 aAli, Akhtar aPakistan's Nuclear DilemmabEnergy and Security DimensionscAkhtar Ali aPakistanbEconomist Research Unit Pakistan c1984 a218 p aPolitical Base of Bomb making in India, India’s Nuclear and Space Profile, Pakistan’s Nuclear Response aIslamic Vs Israeli Bomb: Myths and Relation, Nuclear Fuel Cycle Technologies: Status and Prospects aNon Proliferation Issues and Pakistan’s Political Options